000
00224nam a22000977a 4500
999
_c
15861
_d
15861
003
OSt
008
191022b ||||| |||| 00| 0 eng d
100
_a
Hornby,A S.
_9
1826
245
_a
progressive English Dictionary
942
_c
BK